| 000 | 00463cam a2200181ua 4500 | ||
|---|---|---|---|
| 020 | _c46.00 | ||
| 041 |
_aeng _h |
||
| 082 |
_a539.7 _bGLA/NU |
||
| 100 | _aGlasstone, Samuel . | ||
| 245 |
_aNuclear reactor engineering / _cSamuel Glasstone. _hTextual Documents |
||
| 260 |
_aNew York : _bVan Nostrand Reinhold Company , _c1963. |
||
| 300 | _a830 ; . | ||
| 365 | _a46.00 | ||
| 504 | _a | ||
| 700 | 1 | _aSeasons, . | |
| 942 | _cBK | ||
| 999 |
_c7198 _d7198 |
||